Chudoba na príklade Nitrianskeho kraja
Na minha lista:
| Autor principal: | |
|---|---|
| Formato: | Livro |
| Idioma: | eslovaco inglês |
| Publicado em: |
Nitra
Fakulta prírodných vied Univerzity Konštantína Filozofa v Nitre
2012
|
| Colecção: | Prírodovedec
č. 496 |
| Assuntos: | |
| Tags: |
Sem tags, seja o primeiro a adicionar uma tag!
|
MARC
| LEADER | 00000nam a2200000 4500 | ||
|---|---|---|---|
| 001 | 0177728 | ||
| 005 | 20240314085752.9 | ||
| 020 | |a 978-80-558-0056-1 | ||
| 041 | 0 | |a slo | |
| 041 | 0 | |a eng | |
| 044 | |a SK | ||
| 245 | 1 | 0 | |a Chudoba na príklade Nitrianskeho kraja |c Ján Veselovský |
| 264 | 1 | |a Nitra |b Fakulta prírodných vied Univerzity Konštantína Filozofa v Nitre |c 2012 | |
| 300 | |a 206 s. | ||
| 490 | 1 | |a Prírodovedec |v č. 496 | |
| 830 | 0 | |a Prírodovedec |v č. 496 | |
| 610 | 2 | 0 | |a chudoba |
| 610 | 2 | 0 | |a úroveň životná |
| 610 | 2 | 0 | |a ukazovatele |
| 610 | 2 | 0 | |a vývoj hospodársky |
| 610 | 2 | 0 | |a dôsledky sociálne |
| 610 | 2 | 0 | |a regióny |
| 610 | 2 | 0 | |a opatrenia |
| 610 | 2 | 0 | |a redukcia chudoby |
| 610 | 2 | 0 | |a demografia |
| 610 | 2 | 0 | |a Slovensko |
| 100 | 1 | |a Veselovský, Ján | |